| 000 | 02167nam a2200505Ii 4500 | ||
|---|---|---|---|
| 001 | DIGRBN0276 | ||
| 003 | NyNyDIG | ||
| 007 | cr ||||||||||| | ||
| 008 | 180804s2013 sp a o 000 f spa d | ||
| 006 | m o d | ||
| 035 | _a(OCoLC)1047902350 | ||
| 040 |
_aDGITA _beng _erda _epn _cDGITA |
||
| 020 |
_a9788499407128 _q(eBook) |
||
| 020 |
_a8499407129 _q(eBook) |
||
| 020 | _z9788497427937 | ||
| 020 | _z8497427939 | ||
| 041 | 1 |
_aspa _hfre |
|
| 050 | 1 | 4 | _aPQ2469.T7 ebook |
| 082 | 0 | 4 |
_a843.8 _aFic |
| 100 | 1 |
_aVerne, Jules, _d1828-1905, _eauthor. |
|
| 240 | 1 | 0 |
_aTour du monde en quatre-vingts jours. _lSpanish _s(Díaz Gijón) |
| 245 | 1 | 3 |
_aLa vuelta al mundo en ochenta días / _cJulio Verne ; edición, José Ramón Díaz Gijón ; ilustraciones, Alfonso Cabrero ; traducción, Editorial Biblioteca Nueva. |
| 250 | _aEdición en formato digital. | ||
| 264 | 1 |
_aMadrid : _bBiblioteca Nueva, _c[2013] |
|
| 300 |
_a1 online resource : _billustrations. |
||
| 336 |
_atext _btxt _2rdacontent |
||
| 337 |
_acomputer _bc _2rdamedia |
||
| 338 |
_aonline resource _bcr _2rdacarrier |
||
| 490 | 1 |
_aColección Biblioteca Nueva de aventuras ; _v3 |
|
| 588 | 0 | _aOnline resource; title from PDF title page (Digitalia, viewed August 8, 2018) | |
| 650 | 0 |
_aVoyages around the world _vFiction. |
|
| 655 | 7 |
_aAction and adventure fiction. _2lcgft |
|
| 655 | 0 | _aElectronic books. | |
| 700 | 1 |
_aDíaz Gijón, José R. _q(José Ramón), _eeditor. |
|
| 700 | 1 |
_aCabrero, Alfonso, _eillustrator. |
|
| 700 | 1 |
_iTranslation of: _aVerne, Jules, _d1828-1905. _tTour du monde en quatre-vingts jours. |
|
| 710 | 2 |
_aBiblioteca Nueva (Firm), _etranslator. |
|
| 791 | 2 |
_aDigitalia (Firm), _edistributor. |
|
| 793 | 0 |
_gDigitalia eBook Collection: _aBiblioteca Nueva |
|
| 776 | 0 | 8 |
_iPrint version: _aVerne, Jules, 1828-1905. _sTour du monde en quatre-vingts jours. Spanish (Díaz Gijón) _tVuelta al mundo en ochenta días. _dMadrid : Biblioteca Nueva, [2008] _z9788497427937 |
| 830 | 0 |
_aColección Biblioteca Nueva de aventuras ; _v3 |
|
| 856 | 4 | 0 |
_3Digitalia Hispánica _uhttps://www.digitaliapublishing.com/a/45890/ |
| 910 | _aPremium Collection: 2018 | ||
| 942 | _cRAA | ||
| 999 |
_c249237 _d249237 |
||